| 000 | 01106nam a22002655a 4500 | ||
|---|---|---|---|
| 003 | OSt | ||
| 005 | 20170218133645.0 | ||
| 008 | 161208s2013 ua frb 000 0 ara d | ||
| 015 | _a2013/14441 | ||
| 040 |
_aEG-ScBUE _bara _cEG-ScBUE |
||
| 043 | _af-ua--- | ||
| 082 | 0 | 4 |
_a347.6209 _bص ا ل _222 |
| 100 | 1 | _aصالح، الشافعي محمود. | |
| 245 | 1 | 0 |
_aآليات تنفيذ الأحكام الصادرة ضد الإدارة في مجال المنازعات الإدارية / _cالشافعي محمود صالح. |
| 250 | _aط. 1. | ||
| 260 |
_a[د. م. : _bد. ن.]، _c2013 _e(القاهرة : _fمطبعة مراد أبو المجد) |
||
| 300 |
_a448 ص. ؛ _c24 سم. |
||
| 502 | _6الأصل أطروحة (دكتوراة) - جامعة أسيوط. كلية الحقوق، 2013. | ||
| 504 | _aيشتمل على إرجاعات ببليوجرافية. | ||
| 650 | 7 |
_aتنفيذ الأحكام _zمصر. _2BUEsh _941070 |
|
| 650 | 7 |
_aالمنازعات الإدارية _xقوانين وتشريعات _zمصر. _2BUEsh |
|
| 651 | _2BUEsh | ||
| 653 |
_bLLAAWW _cDecember2016 |
||
| 942 | _2ddc | ||
| 999 |
_c23539 _d23511 |
||